Australia Fact-File - Statistics

General Stats
  • This quiz has been taken 11 times
  • The average score is 8 of 11
Answer Stats
Hint Answer % Correct
Continent Australia
100%
Currency Australian Dollar
100%
Capital City Canberra
100%
National Animal Kangaroo
100%
Driving Side Left
100%
Largest City (By Population) Sydney
100%
Most popular sport Rugby League
91%
National Anthem (English Name) Advance Australia Fair
64%
Calling Code +61
36%
Highest Point Mt Kosciuszko
27%
Tallest Building Q1
27%
No matching quizzes found
Score Distribution
Percent of People with Each Score
Percentile by Number Answered
Your Score History
You have not taken this quiz